书目信息 |
| 题名: |
建筑与农业
|
|
| 作者: | 索贝克 著 ;张昊 , 梁庄 , 卓佳 译 | |
| 分册: | ||
| 出版信息: | 北京 中国建筑工业出版社 2019.09 |
|
| 页数: | 217页 | |
| 开本: | 26cm | |
| 丛书名: | ||
| 单 册: | ||
| 中图分类: | TU98 | |
| 科图分类: | ||
| 主题词: | 乡村规划--xiang cun gui hua | |
| 电子资源: | ||
| ISBN: | 978-7-112-23590-2 | |
| 000 | 01233nam0 2200325 450 | |
| 001 | 2052491007 | |
| 005 | 20201107143457.11 | |
| 010 | @a978-7-112-23590-2@dCNY55.00 | |
| 100 | @a20191010d2019 em y0chiy50 ea | |
| 101 | 1 | @achi@ceng |
| 102 | @aCN@b110000 | |
| 105 | @aa a 000yy | |
| 200 | 1 | @a建筑与农业@Ajian zhu yu nong ye@e乡村设计导则@f(美) 杜威·索贝克著@g张昊, 梁庄, 卓佳译 |
| 210 | @a北京@c中国建筑工业出版社@d2019.09 | |
| 215 | @a217页@c图@d26cm | |
| 300 | @a中国城市规划设计研究院学术研究成果 | |
| 306 | @a由英国Taylor & Francis Group出版公司授权出版 | |
| 312 | @a英文题名取自封面 | |
| 320 | @a有书目 (第192-195页) | |
| 330 | @a本书作者提出了“乡村设计”的概念和方式, 为系统性地解决乡村问题提供了一个全新的视角。内容包括: 乡村建筑的传统 ; 乡村建筑与乡村设计 ; 建筑与农业案例研究等。 | |
| 500 | 10 | @aArchitecture and agriculture a rural design guide@mChinese |
| 517 | 1 | @a乡村设计导则@Axiang cun she ji dao ze |
| 606 | 0 | @a乡村规划@Axiang cun gui hua |
| 690 | @aTU98@v5 | |
| 701 | 1 | @a索贝克@Asuo bei ke@g(Thorbeck, Dewey)@4著 |
| 702 | 0 | @a张昊@Azhang hao@4译 |
| 702 | 0 | @a梁庄@Aliang zhuang@4译 |
| 702 | 0 | @a卓佳@Azhuo jia@4译 |
| 801 | 0 | @aCN@b人天书店@c20201001 |
| 905 | @aZUCC@dTU98@eS996 | |
| 建筑与农业:乡村设计导则/(美) 杜威·索贝克著/张昊, 梁庄, 卓佳译.-北京:中国建筑工业出版社,2019.09 |
| 217页:图;26cm |
| 中国城市规划设计研究院学术研究成果 |
| ISBN 978-7-112-23590-2:CNY55.00 |
| 本书作者提出了“乡村设计”的概念和方式, 为系统性地解决乡村问题提供了一个全新的视角。内容包括: 乡村建筑的传统 ; 乡村建筑与乡村设计 ; 建筑与农业案例研究等。 |
| ● |
| 相关链接 |
|
|
|
正题名:建筑与农业
索取号:TU98/S996
 
预约/预借
| 序号 | 登录号 | 条形码 | 馆藏地/架位号 | 状态 | 备注 |
| 1 | 1485876 | 214858769 | 建筑库201/201建筑库 58排6列2层/ [索取号:TU98/S996] | 在馆 | |
| 2 | 1485877 | 214858778 | 建筑库201/201建筑库 58排6列2层/ [索取号:TU98/S996] | 在馆 |